01168nam a2200277 a 450000100100000000500170001000800410002702000150006804000250008304100390010808200170014710000160016424001210018024501230030126000340042430000210045849000360047953401460051550000600066165000200072165000250074165000360076670000240080270000280082683000360085400002395420250611121345.0110117s1981 sp 000 0 spa d a8433905015 aDO-SdBNPbspacBNPHU17aspaheng2Código de idiomas MARC a572.7bR831t1 aRossi, Ino.10aTheories of culture and anthropological methods, in people in culture. A survey of cultural anthropology.lEspañol10aTeorías de la cultura y métodos antropológicos /cIno Rossi y Edward O´Higgins ; traducción Alberto Cardín. aBarcelona :bAnagrama,c1981. a204 p. ;c19 cm.1 aBiblioteca de Antropologíav1 aTítulo de la edición original :tTheories of culture and anthropological methods, in people in culture. A survey of cultural anthropology a"Panorama de la antropología cultural contemporanea". 0aAntropología  0aPsicología social  4aMetodología en antropología1 aO´Higgins, Edward.1 aCardín, Alberto,etr. 0aBiblioteca de Antropologíav1